RESEARCH data management in the ecological sciences

Bibliographic Details
Other Authors: Michener
Format: Book
Published: Columbia, S.C. : Published for the Belle W. Baruch Institute for Marine Biology and Coastal Research by the University of South Carolina Press , 1986
Series:The Belle W. Baruch library in marine science ; no. 16
Subjects:

MARC

LEADER 00000cam a2200000 7i4500
001 0000002835
005 20040120.0
020 0 0 |a 0872494764 
090 0 0 |a 577.1   |b RES 1986 
245 0 0 |a RESEARCH data management in the ecological sciences   |c edited by William K. Michener 
260 0 0 |a Columbia, S.C. :   |b Published for the Belle W. Baruch Institute for Marine Biology and Coastal Research by the University of South Carolina Press ,   |c 1986 
300 |a iii, 426 p. :   |b ill. ;   |c 27 cm. 
440 0 0 |a The Belle W. Baruch library in marine science ; no. 16 
500 0 0 |a Includes bibliographies and index 
650 0 0 |a Ecology   |x Data processing   |x Congresses 
700 0 1 |a Michener   |h William K. 
998 |a JPSM 
999 |a 0000004447   |b Monograph   |c Open Shelf   |e Default branch